01505cam a22003617a 4500003000500000005001700005008004100022010001000063011001000073035001000083040000900093090001000102100004100112245015100153260004000304300001100344502006900355590003700424590004100461590004100502590004100543590004200584650003400626650005100660650004000711901000700751942000900758949004300767949005500810999001700865952013300882952012801015CHAP20220329135942.0971013s1995 r 00010 d a44590 a45562 a49701 cCHAP aTesis00aPineda Leal, Samuel Emiliano.988153 0aImpacto-socio-económico y política del programa nacional mujeres en solidaridad en la Sierra Norte del estado de Veracruz, período 1989-1994 aChapingo, Méx. :bEl autor,c1995 a156 h. aTesis (Ing. Agr. Esp. en Suelos) -- UACH. Departamento de Suelos aALEPHb10c20130110lUCH01h1314 aBATCH-UPDb10c20130110lUCH01h1610 aBATCH-UPDb10c20130410lUCH01h1005 aBATCH-UPDb10c20130914lUCH01h0827 aCONVERSIONb10c20130109lUCH01h132414aCampesinadoxVeracruz.91804714aMujer en comunidades ruralesxVeracruz.97938414aMujerxActividad política.979313 aBK cFOLL bBCcTESd-112010eTS1h28112i49701si bBCcTESd33724000006284eTS2fc.2h28113i49701si c44590d44590 00102local4053708TESISaBCbBCcPA_TESISd2019-12-31fTESISl0p33724000006284r2019-12-31 00:00:00tc.2w2019-12-31yTESIS 00102local4051708TESISaBCbBCcPA_TESISd2019-12-31fTESISl0oTesisp-112010r2019-12-31 00:00:00w2019-12-31yTESIS